| 000 | 00482nam a2200181 a 4500 | ||
|---|---|---|---|
| 001 | 6925 | ||
| 003 | CO-ViMGA | ||
| 008 | 141112s2004 ck r 000 u spa d | ||
| 040 |
_aCO-ViMGA _bspa _cCO-ViMGA |
||
| 082 | 0 | 4 | _a515.33 A827 |
| 100 | 1 |
_aAudry Sánchez, Javier _95923 |
|
| 245 | 1 | 0 | _aCálculo diferencial e integral |
| 260 |
_aMexico : _bTrillas, _c1995 |
||
| 300 | _a521 p : il | ||
| 650 | 1 | 4 |
_aCALCULO DIFERENCIAL _95924 |
| 650 | 1 | 4 |
_aCALCULO INTEGRAL _95925 |
| 942 |
_2ddc _cBK |
||
| 999 |
_c18892 _d18892 |
||